000 00653nam a22002417a 4500
003 UA-OsUOA
001 124883
007 ta
008 20170829b un ||||| |||| 00| 0 ukr d
090 _a82-94
942 _cBK
040 _aUA-OsUOA
_bukr
_cUA-OsUOA
_dUA-OsUOA
245 _aПовертаюсь сьогодні до себе
300 _a237 с.
955 _a3
041 _aukr
080 _a82-94
020 _a978-966-7139-98-0
260 _aК.
_bЩек
_c2017
246 3 1 _aМикола Томенко в колі друзів
_n
650 7 _a82 Література. Літературознавство
_2UDC
999 _c412068
_d412068